Movies Quiz

Random Movies or Box Office Quiz

SNL Movies Quiz Stats

 Plays Quiz Updated Oct 22, 2018

     
Support Sporcle.
Go Orange.
Score 0/11 Timer 03:00
0 Plays Today
Year Movie % Correct
1992Wayne's World
73.8%
1998A Night at the Roxbury
64.6%
1993Wayne's World 2
53.2%
1980The Blues Brothers
52.4%
1999Superstar
50.3%
1993Coneheads
48.6%
2000The Ladies Man
36.3%
1994It's Pat
31.6%
2010MacGruber
19.8%
1998Blues Brothers 2000
13.9%
1995Stuart Saves His Family
8.9%

From the Vault

Around the US in 4 Minutes

by the_mink

Hint: Oklahoma is not in this quiz.
Remove Ads.
Support Sporcle.
Get the best of Sporcle when you Go Orange. This ad-free experience offers more features, more stats, and more fun while also helping to support Sporcle. Thank you for becoming a member.

Show Comments

Extras

Top Quizzes Today


Score Distribution

Your Account Isn't Verified!

In order to create a playlist on Sporcle, you need to verify the email address you used during registration. Go to your Sporcle Settings to finish the process.

Report this User

Report this user for behavior that violates our Community Guidelines.

Details: